| 000 | 00727nam a2200289Ia 4500 | ||
|---|---|---|---|
| 005 | 20260324112743.0 | ||
| 008 | 008 260324s9999 xx 000 0 eng d | ||
| 020 | _a9781003424772 | ||
| 037 | _aEBOOK | ||
| 040 | _aCRL | ||
| 040 | _beng | ||
| 040 | _cCRL | ||
| 041 | _2eng | ||
| 041 | _aeng | ||
| 084 | _qCRL | ||
| 100 |
_aEwa Lechman; Joanna Radomska; Ewa StaĆczyk-Hugiet _91144006 |
||
| 245 | 0 | _aOpen Strategy for Digital Business | |
| 245 | 0 | _bManaging in ICT-Driven Environments | |
| 260 | _bTaylor and Francis | ||
| 260 | _c2024 | ||
| 365 | _a | ||
| 365 | _b77.99 | ||
| 856 | _uhttp://www.taylorfrancis.com/books/9781003424772 | ||
| 942 | _cEBOOK | ||
| 999 |
_c1733337 _d1733337 |
||